| 000 | 00502nam a2200157 i 4500 | ||
|---|---|---|---|
| 001 | 27224 | ||
| 003 | ES-MaACL | ||
| 007 | t| | ||
| 008 | 030113s1974 sp ||||1| spa d | ||
| 100 | 1 |
_aArru, Angiolina. _923389 |
|
| 245 | 1 | 0 |
_aClase y partido en la Primera Internacional / _cAngiolina Arru ; [Traducción: Joaquín Sanz Guijarro]. |
| 260 |
_a[Madrid : _bAlberto Corazón, _c1974] |
||
| 300 |
_a211 p. ; _c21 cm. |
||
| 700 | 1 |
_aSanz Guijarro, Joaquín. _9103646 |
|
| 852 |
_aES-MaACL _jE-6333 _bR.90298 |
||
| 999 |
_c27224 _d27224 |
||